01676nim a2200325 i 4500001000700000003000900007005001700016007001500033008004100048040001800089245020500107260004000312300004500352490004400397511030100441518008200742520013500824540002400959610006900983650001301052653002601065655001701091700002501108700003201133700005201165710004901217830004401266852002001310852002001330197287ES-MaACL20250828062616.0ss lsnjlcipnne140525s1991 sp nnnn |||| 00| spa d bspacES-MaACL04aLas contradicciones de la teoría marxista originalh[Grabación sonora] :bciclo "La actualidad del pensamiento crítico" /cintervienen Jacobo Muñoz y Juan Trías ; presenta Ángel González aMadrid : bAteneo de Madrid, c1991 a2 casetes (ca. 180 min) :bson. ;c11 cm1 3Actos culturales en el Ateneo de Madrid aParticipan: Jacobo Muñoz, catedrático de Filosofía en la Universidad Complutense de Madrid, y Juan Trías, profesor de Historia de las Ideas Políticas en la Universidad Complutense de Madrid. Presenta Ángel González, vicepresidente de la Sección de Filosofía del Ateneo de Madrid aGrabado el 26 de febrero de 1991 en el Salón de Actos del Ateneo de Madrid. aSegunda conferencia del ciclo La actualidad del pensamiento critico titulada Las contradicciones de la teoría marxista original. aDocumento inédito20aAteneo de Madrid-xActos culturales-y1991-vGrabaciones sonoras 4aMarxismo aArchivo de la palabra 0aConferencias1 aMuñoz, Jacoboeora0 aTrías Vejarano, Juaneora1 aGonzález Álvarez, Ángel,d1916-1991epres2 aAteneo de Madrid. bSección de Filosofía 0aActos culturales en el Ateneo de Madrid aES-MaACLcDEPOZ aES-MaACLcDEPOZ